Informačné zabezpečenie akademického prostredia - výzvy a perspektívy

Zmeny vo vysokoškolskom vzdelávaní na Slovensku. Spoločné programy / diplomy. Doktorandské štúdium. Informačné zabezpečenie vysokej školy. Vedecká komunikácia v akademickom prostredí. Open access - otvorený prístup. Inštitucionálne repozitáre.

Gespeichert in:
Bibliographische Detailangaben
1. Verfasser: Šušol, Jaroslav
Weitere Verfasser: Ondrišová, Miriam
Format: Buchkapitel
Sprache:Slowakisch
Schlagworte:
Tags: Tag hinzufügen
Keine Tags, Fügen Sie das erste Tag hinzu!

MARC

LEADER 00000naa$a2200000$$$4500
001 0093739
005 20230628102431.7
041 0 |a slo 
044 |a SK 
245 1 0 |a Informačné zabezpečenie akademického prostredia - výzvy a perspektívy  |c Jaroslav Šušol, Miriam Ondrišová 
520 |a Zmeny vo vysokoškolskom vzdelávaní na Slovensku. Spoločné programy / diplomy. Doktorandské štúdium. Informačné zabezpečenie vysokej školy. Vedecká komunikácia v akademickom prostredí. Open access - otvorený prístup. Inštitucionálne repozitáre. 
610 2 0 |a vzdelávanie vysokoškolské 
610 2 0 |a zabezpečenie informačné 
610 2 0 |a školy vysoké 
610 2 0 |a štúdium doktorandské 
610 2 0 |a komunikácia 
610 2 0 |a Slovensko 
100 1 |a Šušol, Jaroslav 
700 1 |a Ondrišová, Miriam